000 00644cam a2200193 4500500
005 20260405004015.0
041 _afre
042 _adc
100 1 0 _aPortevin, Catherine
_eauthor
245 0 0 _aHannah Arendt : l’amour des hommes et du monde
260 _c2016.
500 _a92
690 _aHannah Arendt
690 _aJaspers
690 _aMartin Heidegger
690 _aWalter Benjamin
786 0 _nPhilosophie magazine - Hors séries | Hors-série Pritemps 2016 | HS28 | 2016-04-01 | p. 15-16 | 2104-9246
856 4 1 _uhttps://shs.cairn.info/magazine-philosophie-magazine-2016-hs28-page-15?lang=fr&redirect-ssocas=7080
999 _c2072864
_d2072864